000 00461nam a22001817a 4500
003 BDDh-ASL
005 20231015031019.0
008 220920n xx ||||| |||| 00| 0 urd d
040 _aBDDh-ASL
_cBDDh-ASL
041 _aurd
082 _a297
_bTAF
245 0 0 _aTafsir-I Qaderi : / تفسیر قادری
260 _bNawal Kishore ,
300 _a639 p. :
_c30 cm.
650 0 _94705
_aTafsir
700 1 _96569
_aFakhruddin, Maulavi
942 _2ddc
_cBK
999 _c29277
_d29277